000 00973nam a2200289Ia 4500
001 Para_6783
003 CHAP
008 220125s1968 xx 000 0 und d
010 _a205579
040 _cCHAP
090 _aPA FOLLETO 725
100 _aSifuentes A., J. Antonio
_9155625
245 _aCombate de las plagas de melón, pepino y calabacita en Tehuantepec /
_c por J. Antonio Sifuentes A.
260 _aJuchitan, Oax. :
_b INIA. CIAS
300 _a1 hoja desplegable
650 _aCalabaza
_x Itsmo de Tehuantepec
_9171630
650 _aMelón
_x plagas
_974475
650 _aPepino
_x Itsmo de Tehuantepec
_9171631
710 _aInstituto Nacional de Ingestigaciones Agrícolas (México) CIAS. Campo Agrícola Experimental de Itsmo de Tehuantepec
_9171632
901 _aPA FOLLETO 725
902 _aA
905 _a0000001968 0000000000 00
910 _a1968
942 _cPARA
942 _cPARA
_d1
999 _c205579
_d205579